Velká kniha k Adobe Photoshop 7.0 manuál k programu a škola výtvarných technik

Salvato in:
Dettagli Bibliografici
Autore principale: Willmore, Ben (Autore)
Altri autori: Kadavý, Dušan, 1968- (Traduttore), Tejcová, Markéta (Traduttore)
Natura: Libro
Lingua:ceco
inglese
Pubblicazione: Praha Computer Press 2002
Edizione:1. vyd.
Soggetti:
Accesso online:Visualizza in OPAC
Tags: Aggiungi Tag
Nessun Tag, puoi essere il primo ad aggiungerne!!

MARC

LEADER 00000nam a2200000 a 4500
005 20260127133948.0
008 171201s2002 xr a f f 00100 cze
020 |a 9788072267453  |q (brožované) 
035 |a vtls001479728 
035 |a SNK000435026 
039 9 |a 202001090938  |b maubb02  |c 201712011247  |d VLOAD  |c 201401220832  |d maubb04  |c 201401220831  |d maubb04  |y 200501302114  |z staff 
040 |a SNK  |b slo  |c SNK  |d STUSCHK1  |d AUBB  |e AACR2 
041 1 |a cze  |h eng 
072 7 |a 004.9  |x Špeciálne počítačové metódy. Počítačová grafika  |2 konspekt 
080 |a 004.932.4  |2 2011 
080 |a 004.42Photoshop  |2 2011 
080 |a (035)  |2 2011 
100 1 |a Willmore, Ben  |4 aut 
245 1 0 |a Velká kniha k Adobe Photoshop 7.0  |b manuál k programu a škola výtvarných technik  |c Ben Willmore ; [překlad: Dušan Kadavý, Markéta Tejcová] 
246 1 5 |a Mistrovství v Adobe Photoshop 7 
250 |a 1. vyd. 
260 |a Praha  |b Computer Press  |c 2002 
300 |a xix, 540 s.  |b ilustr.  |c 23 cm  |e 1 CD ROM 
500 |a Pravdepodobne prel. z angl. 
650 0 7 |a Adobe Photoshop 7.0  |2 SNKPH 
650 0 7 |a grafické editory  |2 SNKPH 
650 0 7 |a Graphics editors  |2 SNKPHeng 
655 7 |a príručky  |2 SNKPH 
655 7 |a Handbooks, manuals, etc.  |2 SNKPHeng 
700 1 |a Kadavý, Dušan,  |d 1968-  |4 trl  |9 865 
700 1 |a Tejcová, Markéta  |4 trl 
910 |a SCHK95 
910 |a kuruk 
910 |a aubb 
919 |a 978-80-7226-745-3 
999 |c 966  |d 966